LEADER 01052nam 2200385 450 001 9910150360903321 005 20221215211802.0 010 $a3-411-91209-X 035 $a(CKB)3710000000943749 035 $a(MiAaPQ)EBC4744680 035 $a(EXLCZ)993710000000943749 100 $a20170105h20162016 uy 0 101 0 $ager 135 $aurcnu|||||||| 181 $2rdacontent 182 $2rdamedia 183 $2rdacarrier 200 00$aAbi genial Chemie $eDas Schnell-Merk-System 205 $a4., aktualisierte Auflage. 210 1$aBerlin, [Germany] :$cDudenverlag,$d2016. 210 4$dİ2016 215 $a1 online resource (229 pages) 225 0 $aDuden SMS - Schnell-Merk-System 311 $a3-411-70654-6 320 $aIncludes bibliographical references. 606 $aChemistry$xResearch 615 0$aChemistry$xResearch. 676 $a540 801 0$bMiAaPQ 801 1$bMiAaPQ 801 2$bMiAaPQ 906 $aBOOK 912 $a9910150360903321 996 $aAbi genial Chemie$92988344 997 $aUNINA